Meme music - Statistics

General Stats
  • This quiz has been taken 62 times
  • The average score is 8 of 20
Answer Stats
Hint Answer % Correct
Shrek Anthem Allstar
96%
Lazy Town, Robbie Rotten We are number one
85%
Miley Cyrus playing naked with a ball Wrecking ball
80%
flying rainbow cat on LSD Nyan cat
70%
a wild Soviet union appears USSR anthem
61%
Iluminati X files
61%
Halloween classic Spooky scary skeletons
52%
school shootings Pumped up kicks
48%
England is my city Its everyday bro
35%
Is this the realife or just fantasy moms spaghetti Bohemian Rhapsody
33%
Rocky movie Eye of the tiger
33%
should we do on more days than 420 Smoke weed everyday
26%
Something depressing happened Sound of Silence
26%
Sand is rough and irritating and gets everywhere Darude sandstorm
24%
double track drifting Dejavu
22%
more of moms spaghetti Loose yourself
13%
Remove Kebab Serbia strong
13%
edgy ragecomic memeface Trololo
9%
move till you passed away Dance till you dead
6%
Dab music Ultimate
2%
No matching quizzes found
Score Distribution
Percent of People with Each Score
Percentile by Number Answered
Your Score History
You have not taken this quiz